|
|
|
|
| LEADER |
00942nab a2200241 i 4500 |
| 001 |
publ22177 |
| 005 |
20230811131812.0 |
| 008 |
210831s2020 hu o 0|| zxx d |
| 022 |
|
|
|a 2671-3594
|
| 024 |
7 |
|
|a 10.47054/RDC201121tm
|2 doi
|
| 024 |
7 |
|
|a 31844683
|2 mtmt
|
| 040 |
|
|
|a SZTE Publicatio Repozitórium
|b hun
|
| 041 |
|
|
|a zxx
|
| 100 |
2 |
|
|a Máté-Tóth András
|
| 245 |
1 |
0 |
|a Ethnicity, religiosity and memory
|h [elektronikus dokumentum] :
|b a case study in Vojvodina, Serbia /
|c Máté-Tóth András
|
| 260 |
|
|
|c 2020
|
| 300 |
|
|
|a 121-133
|
| 490 |
0 |
|
|a Religious Dialoge and cooperation
|v 1 No. 1
|
| 650 |
|
4 |
|a Filozófia, etika és vallástudományok
|
| 700 |
0 |
1 |
|a Lencsés Gyula
|e aut
|
| 700 |
0 |
1 |
|a Paizs Melinda Adrienn
|e aut
|
| 856 |
4 |
0 |
|u http://publicatio.bibl.u-szeged.hu/22177/1/RDC01.13Toth-MateAndrasetal..pdf
|z Dokumentum-elérés
|
| 856 |
4 |
0 |
|u http://publicatio.bibl.u-szeged.hu/22177/2/RDC01.01Frontmatter-merged.pdf
|z Dokumentum-elérés
|